Principles of financial accounting

Bibliographic Details
Main Authors: Needles, Belverd E. (Author), Powers, Marian (Author)
Format: Book
Language:English
Published: Mason, Ohio : South-Western Cengage Learning , c2011
Edition:11th Ed
Subjects:

MARC

LEADER 00000cam a2200000 7i4500
001 0000074716
005 20110825093000.0
008 110622s2011 ohu eng
020 |a 0538755164 (student ed.) 
020 |a 0538755245 (loose-leaf ed.) 
020 |a 0538755296 (instructors ed.) 
020 |a 9780538755160 (student ed.) 
020 |a 9780538755245 (loose-leaf ed.) 
020 |a 9780538755290 (instructors ed.) 
050 0 0 |a HF5635   |b .N44 2011 
090 0 0 |a HF5635   |b .N44 2011 
100 1 |a Needles, Belverd E. ,   |e author 
245 1 0 |a Principles of financial accounting   |c Belverd E. Needles, Jr. and Marian Powers 
246 3 0 |a Financial accounting 
250 |a 11th Ed 
260 |a Mason, Ohio :   |b South-Western Cengage Learning ,   |c c2011 
300 |a xxix, 827 p. :   |b col. ill. ;   |c 29 cm. 
504 |a Includes bibliographical references (p. 812-815) and index 
650 0 |a Accounting 
700 1 |a Powers, Marian ,   |e author 
999 |a 1000140576   |b Book   |c OPEN SHELF (30 DAYS)   |e Gong Badak Campus